000
00220nam a2200097Ia 4500
008
190216s9999||||xx |||||||||||||| ||und||
100
_a
Vedubandhu
245
0
_a
Artha Vinjaanam
260
_b
Kerala Basha Inst
942
_c
BK
999
_c
37682
_d
37682